Normal view MARC view

Entry Topical Term

Number of records used in: 1

001 - CONTROL NUMBER

  • control field: 726591

003 - CONTROL NUMBER IDENTIFIER

  • control field: OSt

005 - DATE AND TIME OF LATEST TRANSACTION

  • control field: 20241129105907.0

008 - FIXED-LENGTH DATA ELEMENTS

  • fixed length control field: 241129|| aca||aabn | a|a d

040 ## - CATALOGING SOURCE

  • Original cataloging agency: OSt
  • Transcribing agency: OSt

150 ## - HEADING--TOPICAL TERM

  • Topical term or geographic name entry element: ArtsMotion Pictures

670 ## - SOURCE DATA FOUND

  • Source citation: Work cat.: (OSt)1226473: रचना सिंह, संपा., भारतीय सिनेमा: वर्जना से विमर्श तक, 2020
Copyright @ Delhi University Library System